Africa poised to start reaping from the growing scramble for its natural wealth / (Record no. 792)

000 -LEADER
fixed length control field 00503nam a22001577a 4500
003 - CONTROL NUMBER IDENTIFIER
control field OSt
005 - DATE AND TIME OF LATEST TRANSACTION
control field 20140116120838.0
008 - FIXED-LENGTH DATA ELEMENTS--GENERAL INFORMATION
fixed length control field 111102t xxu||||| |||| 00| 0 eng d
040 ## - CATALOGING SOURCE
Transcribing agency -
100 ## - MAIN ENTRY--PERSONAL NAME
Personal name Freemantle, Simon
245 ## - TITLE STATEMENT
Title Africa poised to start reaping from the growing scramble for its natural wealth /
Statement of responsibility, etc Freemantle, Simon.
260 ## - PUBLICATION, DISTRIBUTION, ETC. (IMPRINT)
Place of publication, distribution, etc Nairobi :
Name of publisher, distributor, etc Nation Media Group ,
Date of publication, distribution, etc Wednesday October 12, 2011.
300 ## - PHYSICAL DESCRIPTION
Extent p. 10- 11
440 ## - SERIES STATEMENT/ADDED ENTRY--TITLE
Title Business Daily, October 2011.
942 ## - ADDED ENTRY ELEMENTS (KOHA)
Source of classification or shelving scheme
Koha item type Article
Holdings
Withdrawn status Lost status Source of classification or shelving scheme Damaged status Not for loan Home library Current library Date acquired Source of acquisition Total Checkouts Date last seen Price effective from Koha item type
          Riara University Library Riara University Library 02/11/2011 Periodicals   02/11/2011 02/11/2011 Article

Riara University Library,
P.O. Box 49940-00100,
Nairobi, Kenya.